000 01140cam a22003497a 4500
003 CHAP
005 20220817043552.0
008 990813d1997 it r 00110 eng d
010 _a78715
011 _a79687
020 _a9251041121
035 _a90072
040 _cCHAP
082 _a639.21822
_bF37y v.22
110 2 _aFAO. General Fisheries Council for the Mediterranean
_939568
245 1 0 _aReport of the session (22o)
_c/by FAO. General Fisheries Council for the Mediterranean
260 _aRome :
_bFAO. General Fisheries Council for the Mediterranean,
_c1997
300 _a52 p.
410 _aFAO
490 0 _aGFCM report
_v; 22
590 _aBATCH-UPD
_b10
_c20130110
_lUCH01
_h1011
590 _aBATCH-UPD
_b10
_c20130410
_lUCH01
_h0619
590 _aBATCH-UPD
_b10
_c20130914
_lUCH01
_h1345
590 _aCONVERSION
_b10
_c20130109
_lUCH01
_h1344
650 1 4 _aPesca
_xRegión Mediterránea.
_987410
810 0 _aFAO
830 0 0 _aGFCM report
_v; 22
_947819
901 _aBK
905 _aLilia Sánchez G.
942 _cLIBRO
949 _a639.21822 F37y v.22
_bBC
_cFAO
_d33724000737482
_eFAO1
_h96164
_i90072
_kDonaciØn
_sb
999 _c78715
_d78715